[Event "VII Sunway Sitges Open 2020"]
[Site "Sitges"]
[Date "2020.12.16"]
[Round "4.29"]
[White "Hapala, Elisabeth"]
[Black "Cuenca Jimenez, Jose Fernando"]
[Result "0-1"]
[WhiteElo "2154"]
[BlackElo "2528"]
[Annotator "ChessBase"]
[PlyCount "76"]
[EventDate "2020.12.13"]
[EventType "swiss"]
[EventCountry "ESP"]
[SourceTitle "playchess.com"]
[Source "ChessBase"]
[SourceQuality "1"]
[TimeControl "40/5400+30:1800+30"]

1. e4 {[%emt 0:00:00]} c5 {[%emt 0:00:00]} 2. Nf3 {[%emt 0:00:00]} Nc6 3. d4 {[%emt 0:00:00]} cxd4 {[%emt 0:00:00]} 4. Nxd4 {[%emt 0:00:00]} e5 {[%emt 0:00:06]} 5. Nb5 {[%emt 0:00:09]} d6 6. c4 {[%emt 0:02:34]} g6 {[%emt 0:01:26]} 7. N1c3 {[%emt 0:00:46]} a6 {[%emt 0:00:07]} 8. Na3 Be6 {[%emt 0:00:19]} 9. Nc2 {[%emt 0:01:50]} Bg7 {[%emt 0:03:43]} 10. Be2 {[%emt 0:16:21]} Nf6 {[%emt 0:09:42]} 11. Bg5 {[%emt 0:04:35]} Rc8 {[%emt 0:34:50]} 12. O-O h6 {[%emt 0:00:06]} 13. Bxf6 {[%emt 0:06:32]} Bxf6 {[%emt 0:02:12]} 14. Nd5 {[%emt 0:07:53]} Bg7 {[%emt 0:02:27]} 15. Nce3 {[%emt 0:19:33]} O-O {[%emt 0:03:00]} 16. Rc1 {[%emt 0:18:37]} f5 {[%emt 0:00:18]} 17. exf5 {[%emt 0:00:30]} gxf5 {[%emt 0:09:06]} 18. b3 {[%emt 0:05:27]} Nd4 {[%emt 0:03:57]} 19. f4 {[%emt 0:04:23]} b5 {[%emt 0:01:18]} 20. Kh1 {[%emt 0:01:56]} Kh8 {[%emt 0:05:54]} 21. Bd3 {[%emt 0:00:09]} e4 {[%emt 0:10:40]} 22. Be2 Qa5 23. Ne7 {[%emt 0:03:16]} Qxa2 {[%emt 0:00:42]} 24. Ng6+ Kh7 {[%emt 0:01:00]} 25. Nxf8+ {[%emt 0:00:17]} Rxf8 {[%emt 0:03:21]} 26. Re1 {[%emt 0:04:29]} Nxb3 {[%emt 0:00:13]} 27. Rc2 {[%emt 0:01:18]} Qa3 {[%emt 0:03:50]} 28. cxb5 {[%emt 0:01:12]} Nd4 {[%emt 0:01:53]} 29. Nc4 Qc5 {[%emt 0:00:27]} 30. Rc1 {[%emt 0:02:21]} axb5 31. Ne3 {[%emt 0:00:42]} Qb6 {[%emt 0:01:31]} 32. Rb1 {[%emt 0:00:33]} Rc8 {[%emt 0:00:40]} 33. h3 Rc3 {[%emt 0:01:20]} 34. Bf1 {[%emt 0:00:59]} Qc5 {[%emt 0:00:13]} 35. Rc1 {[%emt 0:00:31]} b4 36. Rxc3 Qxc3 {[%emt 0:01:47]} 37. Qc1 {[%emt 0:00:58]} Nb3 {[%emt 0:01:04]} 38. Qc2 {[%emt 0:00:36]} Qxe1 {[%emt 0:00:16]} 0-1

[Event "VII Sunway Sitges Open 2020"]
[Site "Sitges"]
[Date "2020.12.16"]
[Round "4.30"]
[White "Sperat Czar, Nicolas"]
[Black "Boixader Arbo, Xavier"]
[Result "1/2-1/2"]
[WhiteElo "1775"]
[BlackElo "2091"]
[Annotator "TA"]
[PlyCount "107"]
[EventDate "2020.12.13"]
[EventType "swiss"]
[EventCountry "ESP"]
[SourceTitle "playchess.com"]
[Source "ChessBase"]
[SourceQuality "1"]

{[%evp 17,107,32,53,-26,-25,-35,-29,-37,-4,0,67,60,170,39,45,41,43,41,41,15,38,33,33,42,48,37,42,42,64,60,73,51,44,58,39,27,41,39,743,736,726,718,833,835,940,809,1414,1362,1331,916,1079,1056,1009,913,661,547,511,317,328,314,454,351,399,175,218,182,174,185,203,178,191,54,114,0,0,-298,-298,-527,-535,-964,-956,-979,-973,-942,-875,-964,-753,-931,-896,-920,0,0]} 1. e4 e6 2. d4 d5 3. Nc3 Nf6 4. e5 Nfd7 5. f4 c5 6. Nf3 Nc6 7. Be3 Qb6 8. Na4 Qa5+ 9. c3 b6 10. Be2 {C11: French: Classical System: 4 e5 and 4 Bg5 dxe4.} ({White should play} 10. Bd2 $14 c4 11. b4) 10... Ba6 $11 11. Bxa6 Qxa6 12. b3 {Black has an edge.} Rc8 {[#]} 13. Qe2 $146 ({Predecessor:} 13. Nb2 cxd4 14. cxd4 Nb4 15. Rc1 Rxc1 16. Qxc1 Nxa2 17. Qa1 Bb4+ 18. Kf2 O-O 19. Na4 {0-1 (37) Salgado Lopez,I-Moreno Tejera,E (2139) Orense 2000}) 13... Qa5 (13... Qxe2+ $11 14. Kxe2 cxd4 15. cxd4 Ba3) 14. O-O $14 c4 (14... Be7 $14) 15. Qc2 (15. f5 $18 {Black must now prevent Ng5.} exf5 16. Bg5) 15... b5 16. Nb2 Ba3 17. Nd1 Ne7 18. g4 g6 19. b4 Qb6 20. Bc1 Bxc1 21. Rxc1 a5 22. a3 h6 23. Qf2 Ra8 24. Nh4 Kd8 25. f5 g5 26. fxe6 fxe6 27. Ng2 $1 Rf8 $2 {[%mdl 8192]} (27... axb4 $14 28. axb4 Ra3) 28. Qxf8+ $1 $18 Nxf8 29. Rxf8+ Kd7 30. Rxa8 Nc6 31. bxa5 Nxa5 32. Nde3 Nc6 33. Rh8 Nxd4 34. cxd4 Qxd4 35. Rxh6 Qxe5 36. Rd1 d4 37. Nc2 d3 38. Nce3 Qc5 (38... Qd4 $142 39. h4 c3) 39. Rh5 Kc6 40. Kf1 (40. Kf2 $142) 40... Qxa3 41. Rh8 Qb2 42. Rf8 Qe5 43. Kg1 Qd4 {If only Black now had time for ...c3....} 44. Rc8+ (44. Kf2 $18) 44... Kb7 (44... Kd7 $14 45. Rf8 c3) 45. Rf8 (45. Re8 $16) 45... b4 {[%cal Bb5b4,Bb4b3][%mdl 32]} 46. Rb1 $2 {[%mdl 8192] [#]} (46. Kf2 $11 {and White has nothing to worry.} b3 47. Rf7+ Kc6 48. Rf8) 46... c3 $1 $19 47. Kh1 $2 (47. Rb3 {was called for.}) 47... c2 48. Rf7+ Kc6 49. Rc1 b3 50. Rff1 Kb5 51. h3 Qh8 52. Kh2 Qe5+ 53. Kg1 d2 $2 {[#]} ({Better is} 53... Qc5 $19 54. Rb1 Kb4) 54. Rxc2 $1 {Weighted Error Value: White=0.74/Black=0.25} 1/2-1/2

[Event "VII Sunway Sitges Open 2020"]
[Site "Sitges"]
[Date "2020.12.16"]
[Round "4.31"]
[White "Serrano Aspa, Xavier"]
[Black "Calvo Gonzalez, Jose Felix"]
[Result "1-0"]
[WhiteElo "2061"]
[BlackElo "1811"]
[Annotator "ChessBase"]
[PlyCount "81"]
[EventDate "2020.12.13"]
[EventType "swiss"]
[EventCountry "ESP"]
[SourceTitle "playchess.com"]
[Source "ChessBase"]
[SourceQuality "1"]
[TimeControl "40/5400+30:1800+30"]

1. Nf3 Nf6 2. b3 d5 3. Bb2 g6 4. e3 Bg7 5. c4 c6 6. Be2 O-O 7. O-O Bg4 8. Ne5 Bxe2 9. Qxe2 Nfd7 10. f4 Nxe5 11. fxe5 c5 12. d4 cxd4 13. exd4 Nc6 14. Rd1 Qb6 15. cxd5 Nxe5 16. Nc3 Nd7 17. Qxe7 Rad8 18. Na4 Qb5 19. Nc3 Qb6 20. Qh4 Nf6 21. Ba3 Rfe8 22. Bc5 Qa5 23. b4 Qa3 24. Nb5 Qe3+ 25. Kh1 g5 26. Qe1 Nxd5 27. Nd6 Qxe1+ 28. Rxe1 Rxe1+ 29. Rxe1 b6 30. Nb7 bxc5 31. Nxd8 cxd4 32. Nc6 Kf8 33. Rd1 Nc3 34. Rd3 Nxa2 35. b5 Ke8 36. Nxd4 Nc3 37. Nc6 Bf6 38. Nxa7 Na4 39. g4 Be5 40. Re3 f6 41. Nc6 1-0

[Event "VII Sunway Sitges Open 2020"]
[Site "Sitges"]
[Date "2020.12.17"]
[Round "5.1"]
[White "Vasquez Schroeder, Rodrigo"]
[Black "Cheparinov, Ivan"]
[Result "1/2-1/2"]
[WhiteElo "2441"]
[BlackElo "2688"]
[Annotator "TA"]
[PlyCount "72"]
[EventDate "2020.12.13"]
[EventType "swiss"]
[EventCountry "ESP"]
[SourceTitle "playchess.com"]
[Source "ChessBase"]
[SourceQuality "1"]

{[%evp 15,72,23,27,10,32,0,0,-6,0,0,0,0,0,-14,0,-27,-16,-15,0,-3,-16,-13,-15,-23,-30,-29,0,0,0,0,0,0,0,0,0,-2,0,0,0,-33,-30,-33,0,-11,-1,-1,0,0,0,0,0,0,0,0,0,0,0,0,0]} 1. d4 Nf6 2. Nf3 d5 3. c4 e6 4. Bg5 Bb4+ 5. Nc3 dxc4 6. e4 h6 7. Bxf6 Qxf6 8. Bxc4 c5 9. e5 {D39: Queen's Gambit Declined: Ragozin Defence with 5 Bg5 dxc4.} Qd8 10. a3 Bxc3+ 11. bxc3 cxd4 12. cxd4 Qa5+ 13. Qd2 Nc6 {[%cal Bb8c6,Bc6a5,Ba5c4][%mdl 32] [#]} 14. Bd3 $146 ({Predecessor:} 14. d5 Qxd2+ 15. Kxd2 Na5 16. Ba2 exd5 17. Bxd5 Ke7 18. Ke3 Be6 19. Rhd1 Rhd8 20. Bxe6 Kxe6 {½-½ (37) Checa,N (2467)-Tiglon,B (2388) Charlotte 2017}) 14... Bd7 15. Be4 Ke7 16. Rb1 Rab8 17. Qxa5 Nxa5 18. Ke2 $1 Nc4 19. Rb3 Rhc8 20. Rc1 ({Not} 20. Bxb7 $2 Rc7 $19) 20... b5 21. Bd3 Bc6 22. Bxc4 bxc4 23. Rxb8 Rxb8 $11 {[%mdl 4096] Endgame KRB-KRN} 24. Nd2 Rb2 25. Ke3 Ra2 26. Nxc4 Bxg2 27. Rc3 f5 28. exf6+ $1 gxf6 29. Nd2 {The position is equal.} a6 30. f3 Kf7 31. h4 h5 32. Ne4 Kg6 33. Ng3 Bh3 34. Kf4 Rd2 35. Ke3 Ra2 36. Kf4 Rd2 {Weighted Error Value: White=0.05/Black=0.03} 1/2-1/2

[Event "VII Sunway Sitges Open 2020"]
[Site "Sitges"]
[Date "2020.12.17"]
[Round "5.2"]
[White "Moussard, Jules"]
[Black "Fier, Alexandr"]
[Result "1/2-1/2"]
[WhiteElo "2626"]
[BlackElo "2558"]
[Annotator "TA"]
[PlyCount "102"]
[EventDate "2020.12.13"]
[EventType "swiss"]
[EventCountry "ESP"]
[SourceTitle "playchess.com"]
[Source "ChessBase"]
[SourceQuality "1"]

{[%evp 19,102,23,34,25,44,40,40,19,38,31,42,17,23,11,11,2,6,8,62,29,32,33,31,49,26,26,36,14,14,14,14,14,13,0,0,0,0,0,0,0,0,0,0,0,0,0,0,-17,0,0,0,-35,0,0,0,0,0,0,0,-17,0,0,0,0,0,0,0,0,0,0,0,0,0,0,0,0,0,0,0,0,0,0,0,0,0]} 1. e4 c5 2. Nf3 e6 3. d4 cxd4 4. Nxd4 Nc6 5. Nc3 Qc7 6. f4 a6 7. Nxc6 Qxc6 8. Bd3 b5 9. Qe2 Bb7 10. Bd2 Bc5 11. O-O-O {B47: Sicilian: Taimanov: 5 Nc3 Qc7 6 f4, 6 g3 and 6 Be2.} Ne7 12. a3 O-O 13. h4 {White is slightly better.} b4 14. axb4 Bxb4 {[#]} 15. f5 $146 ({Predecessor:} 15. h5 Rfc8 16. Qg4 f5 17. exf5 exf5 18. Bxf5 Nxf5 19. Qxf5 Qe6 20. Qxe6+ dxe6 21. h6 {½-½ (36) Kriebel,T (2531)-Werle,J (2540) Novy Bor 2019}) 15... exf5 16. exf5 Bxc3 ({Much weaker is} 16... Qxg2 $6 17. Qxg2 Bxg2 18. Rhg1 $18) 17. Bxc3 Nd5 18. Bd4 Nf4 (18... Rac8 $11) 19. Qg4 {[%csl Gd4][%cal Rg4g7] [#]} (19. Qf2 $5 {[%cal Rf2f4]} Nxd3+ 20. Rxd3 $11) 19... Nxd3+ 20. Rxd3 {[%csl Gd4][%cal Rg4g7]} f6 $1 ({Not} 20... Qxg2 $2 21. Qxg2 Bxg2 22. Rg1 $18) 21. Rg3 {[%csl Gg3][%cal Rg4g7]} Rf7 22. Re1 Qa4 23. Qf4 Rc8 {[%csl Gc8][%cal Ra4c2] [#]} 24. Rc3 {Threatening mate with Rxc8+.} Rff8 25. g4 Rfe8 {( -> ...Qa1+)} 26. Rxe8+ Rxe8 27. Re3 Rxe3 28. Qxe3 {[%cal Re3e8]} Kf7 29. b3 Qa3+ 30. Kb1 {aiming for Bc5.} Qe7 31. Qf4 Qe4 32. Qd6 Qd5 33. Qb6 Qc6 34. Qd8 Qd6 35. Bc3 Bf3 36. g5 {Black must now prevent gxf6.The position is equal.} Be4 37. Kb2 Bxf5 38. gxf6 gxf6 39. h5 Be4 40. h6 Qe7 41. Qc8 Qe6 42. Qh8 Qf5 43. Qg7+ Ke6 44. Qg8+ Ke7 45. Bb4+ d6 46. Qc4 Qe5+ 47. Bc3 Qf4 48. Qc7+ Ke6 49. Qc8+ Ke7 50. Qc7+ Ke6 51. Qc8+ Ke7 {Weighted Error Value: White=0.05/Black=0.05} 1/2-1/2

[Event "VII Sunway Sitges Open 2020"]
[Site "Sitges"]
[Date "2020.12.17"]
[Round "5.3"]
[White "Checa, Nicolas"]
[Black "Santos Latasa, Jaime"]
[Result "1/2-1/2"]
[WhiteElo "2527"]
[BlackElo "2600"]
[Annotator "TA"]
[PlyCount "78"]
[EventDate "2020.12.13"]
[EventType "swiss"]
[EventCountry "ESP"]
[SourceTitle "playchess.com"]
[Source "ChessBase"]
[SourceQuality "1"]

{[%evp 13,78,12,22,14,31,21,34,0,6,6,4,4,0,8,10,7,30,19,16,15,49,29,29,31,27,16,72,72,54,13,16,-10,16,0,1,0,0,0,0,0,0,0,0,0,0,0,0,0,0,0,0,0,0,0,0,0,0,0,0,0,0,0,0,0,0,0,0]} 1. d4 Nf6 2. c4 e6 3. Nf3 d5 4. Nc3 c6 5. Bg5 h6 6. Bxf6 Qxf6 7. e3 g6 8. Be2 {D43: Semi-Slav: 5 Bg5 h6.} Bg7 9. O-O {9.e4 is not played anymore.} O-O 10. Qc2 {White is slightly better.} Nd7 11. cxd5 exd5 12. b4 {[#]} a6 $146 ({Predecessor:} 12... Qd6 13. b5 c5 14. Rfd1 Nb6 15. a4 Be6 16. a5 Nd7 17. dxc5 Qxc5 18. Nd4 Rac8 {½-½ (50) Stupak,K (2545)-Sethuraman,S (2613) St Petersburg 2014}) 13. a4 Qd6 14. b5 a5 15. bxc6 bxc6 16. Rab1 Rb8 17. Rxb8 (17. Rfc1 {looks sharper.} Nb6 18. Nd2 Be6 19. Bd3 Rfc8 20. Ne2) 17... Nxb8 18. Rc1 Be6 19. Nd2 Qd8 (19... Nd7 $11 {keeps the balance.}) 20. Nb3 $16 Nd7 21. Nb1 {[%cal Bc3b1,Bb1d2,Bd2f3][%mdl 32]} Qb6 {The position is equal.} 22. Qc3 Rb8 23. N1d2 ({Reject} 23. Nxa5 {[#]} c5 $1 $15 {[%mdl 512]}) 23... c5 24. dxc5 ({But not} 24. Nxc5 Nxc5 25. Qxc5 Qxc5 $17) 24... Bxc3 25. cxb6 Bb4 26. Nf3 Nxb6 27. Bb5 $1 Bd7 28. Bxd7 Nxd7 29. Nfd4 Ne5 30. Kf1 Nc4 31. Ke2 Kf8 32. Rc2 h5 33. g3 Ke8 34. h4 Kd7 35. Nb5 Rc8 36. Na7 Rc7 37. Nb5 Rc8 38. Na7 Rc7 39. Nb5 Rc8 {Weighted Error Value: White=0.05/Black=0.07} 1/2-1/2

[Event "VII Sunway Sitges Open 2020"]
[Site "Sitges"]
[Date "2020.12.17"]
[Round "5.4"]
[White "Santos Ruiz, Miguel"]
[Black "Asis Gargatagli, Hipolito"]
[Result "1/2-1/2"]
[WhiteElo "2581"]
[BlackElo "2470"]
[Annotator "TA"]
[PlyCount "68"]
[EventDate "2020.12.13"]
[EventType "swiss"]
[EventCountry "ESP"]
[SourceTitle "playchess.com"]
[Source "ChessBase"]
[SourceQuality "1"]

{[%evp 10,68,35,43,29,10,28,21,27,23,45,40,58,50,71,31,31,31,45,31,39,27,32,8,102,99,114,98,127,98,108,104,97,108,100,107,179,168,193,134,155,132,137,135,114,108,239,132,257,225,293,287,313,303,305,305,277,0,0,0,-6]} 1. e4 d6 2. d4 Nf6 3. Nc3 g6 4. Be3 a6 5. a4 Bg7 6. f3 O-O {B06: Modern Defence.} 7. Bc4 Nc6 8. Nge2 e5 9. d5 Ne7 10. Qd2 Ne8 11. g4 c5 {[#]} 12. dxc6 $146 ({Predecessor:} 12. Bh6 Qa5 13. Bxg7 Nxg7 14. Qc1 Bd7 15. h4 Qb4 16. Bb3 c4 17. Ba2 Bxa4 18. Bxc4 Qxc4 19. Rxa4 {0-1 (48) Tardos,Z-Kiss,E (2118) Hungary 2005}) 12... bxc6 13. O-O-O Be6 14. Bxe6 fxe6 15. f4 exf4 16. Bxf4 e5 (16... d5 $11) 17. Bg5 $16 Ra7 18. h4 Qc8 19. h5 Qxg4 20. hxg6 Nxg6 21. Rdg1 Qe6 22. Ng3 Nf6 (22... d5 $16) 23. Nf5 $18 d5 24. Nxg7 (24. Qh2 $18) 24... Rxg7 $16 25. exd5 cxd5 {aiming for ...d4.} 26. Bh6 d4 {[#]} 27. Nb1 $1 ({Not} 27. Bxg7 dxc3 28. Qxc3 Kxg7 $17) 27... Ne4 {[#]} (27... Rc7 $16 {is a better defense.}) 28. Qe2 (28. Qg2 $1 $18 Qf5 29. Rf1) 28... Qf5 (28... Nf2 $16 {might work better.}) 29. Rh5 ({And not} 29. Qxa6 Rc7 $11) 29... Ng3 30. Rxg3 Qf1+ 31. Qd1 Qxd1+ 32. Kxd1 Rf1+ 33. Ke2 $2 (33. Kd2 $18 Rgf7 34. Na3) 33... Rxb1 $11 34. Rxe5 {Black must now prevent Re8+.} Rc7 {Weighted Error Value: White=0.23/Black=0.32} 1/2-1/2

[Event "VII Sunway Sitges Open 2020"]
[Site "Sitges"]
[Date "2020.12.17"]
[Round "5.5"]
[White "Plat, Vojtech"]
[Black "Bellahcene, Bilel"]
[Result "1-0"]
[WhiteElo "2562"]
[BlackElo "2510"]
[Annotator "TA"]
[PlyCount "122"]
[EventDate "2020.12.13"]
[EventType "swiss"]
[EventCountry "ESP"]
[SourceTitle "playchess.com"]
[Source "ChessBase"]
[SourceQuality "1"]

{[%evp 20,122,0,0,14,11,33,33,33,17,28,35,64,48,58,58,76,59,58,47,62,47,60,47,52,53,70,77,67,50,122,78,129,90,86,83,117,0,60,59,70,58,54,28,12,12,28,39,29,0,0,0,113,117,125,126,111,112,114,114,125,105,106,97,214,217,195,196,225,221,216,211,203,152,189,185,220,213,382,370,405,398,391,385,347,361,347,91,340,168,191,108,132,112,157,33,181,103,214,161,170,127,174,139,314]} 1. d4 Nf6 2. c4 e6 3. Nc3 Bb4 4. Qc2 d5 5. cxd5 exd5 6. e3 O-O 7. Nf3 c5 8. dxc5 Nc6 9. Be2 Bxc5 10. O-O Qe7 11. a3 Rd8 {E39: Nimzo-Indian: Classical: 4...c5 5 dxc5 0-0.} 12. b4 Bb6 13. Na4 {[%cal Bc3a4,Ba4c5,Bc5d3,Bd3f4][%mdl 32]} Bc7 {White is slightly better.} 14. Bb2 Bg4 15. Nc5 {[#]} Bxf3 $146 ({Predecessor:} 15... Rac8 16. Nxb7 Nd4 17. Qd1 Nxe2+ 18. Qxe2 Re8 19. h3 Bh5 20. Rad1 Bb8 21. Bxf6 Qxb7 {1-0 (40) Lahner,J (2241)-Asauskas,H (2383) Frydek Mistek 2005}) 16. Bxf3 Be5 17. Nd3 Bxb2 18. Qxb2 Rd6 19. b5 Na5 20. Qb4 b6 21. Nf4 Qd7 22. Rac1 Rd8 23. Rfd1 Nb7 24. Nd3 Qe7 (24... Re8 $14) 25. Rc6 g5 (25... R6d7 $142) 26. Rdc1 Na5 27. Rc7 Qe6 28. Qe1 (28. Rxa7 $16 d4 29. Re1 dxe3 30. Rxe3) 28... R6d7 ({Better is} 28... g4 $11 29. Bd1 d4) 29. Rxd7 $14 Rxd7 30. Rc8+ Kg7 $1 31. Qc3 d4 32. exd4 Rxd4 33. Qxd4 Qxc8 34. Qe5 (34. h4 $5 {[%cal Rh4g5]} Qf5 35. hxg5 Qxg5 36. a4 $14) 34... h6 35. h4 $36 {[%mdl 2048] White has the initiative.} Qe8 (35... Nc4 $11 36. Qc3 Nd6) 36. hxg5 $16 Qxe5 37. gxh6+ (37. Nxe5 $6 hxg5 38. Kf1 Ne8 $11) 37... Kxh6 38. Nxe5 {[%mdl 4096] Endgame KBN-KNN} Kg7 39. Kf1 Ne8 40. Ke2 Nc7 41. a4 Nb3 (41... Kf6 $16) 42. Ke3 $18 Nc5 43. Bd1 Kf6 44. Nc6 a6 45. bxa6 N5xa6 46. Na7 Nc5 47. Kd4 N5e6+ 48. Kc4 Nf8 $2 {[#]} (48... Ke5 {is a better defense.} 49. Nc8 Nd5) 49. Nc8 Nd7 50. f4 Kf5 51. g3 Ke4 {Black hopes to continue with ...Ke3.} 52. Bh5 Ke3 {If Black can now play ...Kf2 this consolidates a bit.} 53. Nd6 $2 (53. Bxf7 $18 {is the precise move to win.} Kf3 54. Kd4 Kxg3 55. f5) 53... Nf6 $2 (53... Kf2 $16) 54. Bd1 (54. Bxf7 $142 {Nb5 is the strong threat.} Kf3 55. Kd4) 54... Kf2 55. Nf5 (55. Nxf7 Kxg3 56. Be2 Kxf4 $11) (55. g4 $18) 55... Ne4 56. g4 {Strongly threatening g5.} Ne6 57. Bc2 (57. Nh6 $16) 57... N4c5 {[#]} (57... Kf3 $14) 58. Nd6 $1 {And now f5 would win.} Nxf4 (58... Ke3 $16 {was worth a try.}) 59. Nxf7 Kg3 60. g5 Kg4 61. Kb5 (61. a5 bxa5 62. Kxc5 (62. Bd1+ Kf5 $11) 62... Ne6+ {[%mdl 64] Double Attack} 63. Kb5 Nxg5 $11) 61... Nfe6 $2 {Weighted Error Value: White=0.27/Black=0.38} (61... Kh5 $16 62. Bb1 (62. Kxb6 Nxa4+ 63. Kc6 Nc5 $11) (62. a5 bxa5 63. Kxc5 Ne6+ {[%mdl 64] Double Attack} 64. Kb6 Nxg5 $11) 62... Nd5) 1-0

[Event "VII Sunway Sitges Open 2020"]
[Site "Sitges"]
[Date "2020.12.17"]
[Round "5.6"]
[White "Lagarde, Maxime"]
[Black "Batsiashvili, Nino"]
[Result "1/2-1/2"]
[WhiteElo "2651"]
[BlackElo "2460"]
[Annotator "TA"]
[PlyCount "104"]
[EventDate "2020.12.13"]
[EventType "swiss"]
[EventCountry "ESP"]
[SourceTitle "playchess.com"]
[Source "ChessBase"]
[SourceQuality "1"]

{[%evp 9,104,0,0,-28,-30,-32,-30,-35,-26,-29,-31,-23,-35,-50,-38,-88,281,262,371,396,364,397,387,394,386,379,369,345,385,205,204,200,204,206,200,209,207,200,195,198,203,204,202,197,191,177,203,199,315,188,312,235,204,141,147,142,141,157,300,294,320,119,112,103,104,104,98,102,97,89,95,11,22,8,16,0,0,0,0,0,0,0,0,0,0,0,0,0,0,0,0,0,0,0,0,0,0]} 1. e4 e5 2. Nf3 Nc6 3. Bc4 Bc5 4. c3 Nf6 5. d4 exd4 6. b4 {C54: Giuoco Piano: 4 c3 Nf6, main lines with 5 d4 and 5 d3.} Bb6 7. e5 d5 {...Ne4 is the strong threat.} 8. exf6 {Black has an edge.} dxc4 9. b5 Na5 (9... Qxf6 10. bxc6 Qe6+ 11. Qe2 $14) 10. Qe2+ Be6 $1 11. fxg7 Rg8 12. cxd4 {[#]} c5 $146 {[%mdl 8192]} (12... Rxg7 $6 13. O-O $11) (12... Qd7 $1 $17 {and life is bright.} 13. d5 Qxd5) ({Predecessor:} 12... Bxd4 13. Nxd4 Qxd4 14. Bb2 Qc5 15. Bf6 Qf5 16. Qf3 a6 17. Nc3 axb5 18. O-O-O c6 {1-0 (28) City Barmen CC-City Berlin Academy CC corr 1873}) 13. Bg5 $18 Qd7 (13... Qd6 {is a better defense.}) 14. Nc3 cxd4 15. Ne5 Qd6 16. Ne4 {[%cal Re4d6]} Qb4+ 17. Kf1 $1 (17. Bd2 Qe7 $18) 17... Rxg7 18. Nf6+ $1 Kf8 {Strongly threatening ...d3.} 19. Re1 (19. Bh6 $142 d3 20. Ned7+ Ke7 21. Qe5) 19... Rxg5 20. Nxh7+ {[%mdl 64] Double Attack} Ke7 21. Nxg5 {Intending Nexf7 and mate.} d3 22. Qf3 d2 {[%csl Gb4][%cal Rd2e1]} 23. Ng6+ $1 (23. Nc6+ bxc6 24. Qxf7+ Kd8 $11) 23... Kd7 {[%csl Gb4][%cal Rd2e1]} 24. Rxe6 $1 {[%mdl 64] Remove Defender} fxe6 25. Qf7+ {[%mdl 64] Double Attack} Kc8 {[%cal Rd2d1]} 26. Qxe6+ Kc7 27. Qf7+ Kc8 {[%cal Rd2d1]} 28. Ke2 $1 Bd8 ({Don't go for} 28... Qxb5 $2 29. Ne7+ (29. Qf8+ Bd8 $19) 29... Kc7 30. Ne6+ Kd6 31. Nf5+ Qxf5 32. Qxf5 $18) (28... Qd6 $142) 29. Ne4 (29. Qf5+ $142 Kb8 30. Qe5+ Kc8 31. Qe6+ Kb8 32. Qe5+ Kc8 33. Qe6+ Kb8 34. Qe5+) 29... c3 (29... a6 $142) 30. Qe6+ Kc7 31. Qe5+ Kb6 {[#]} 32. Nf4 $1 {[%cal Rf4d5] White threatens Nd5+! and mate.} ({Inferior is} 32. Nxc3 Qg4+ 33. f3 Qxg2+ 34. Kd3 Qxg6+ $17) 32... Qc4+ 33. Kf3 c2 (33... a6 $16) 34. Nxd2 Qxb5 35. Qe6+ $2 (35. Nd5+ $18 {and White stays clearly on top.} Ka6 36. Qe4) 35... Nc6 $16 36. Rc1 a5 37. Rxc2 Ka7 {[#]} 38. Rxc6 $1 Qxc6+ 39. Qxc6 bxc6 {[%mdl 4096] Endgame KRB-KNN} 40. Nd3 (40. g3 $16) 40... Bc7 $11 {The position is equal.} 41. h4 Rd8 42. Ke2 Rd4 43. g3 Ra4 44. h5 {aiming for h6.} Rxa2 45. h6 Bd8 46. f4 Bf6 $1 {[%cal Rf6c3] Hoping for ...Bc3.} 47. Ne5 a4 $1 48. Nxc6+ Ka8 {Threatens to win with ...a3.} 49. Nb4 Rb2 50. Nd3 Ra2 {White must now prevent ...Bc3.} 51. Nb4 Rb2 52. Nd3 Ra2 {Black escapes into a draw.  Weighted Error Value: White=0.19/Black=0.21} 1/2-1/2

[Event "VII Sunway Sitges Open 2020"]
[Site "Sitges"]
[Date "2020.12.17"]
[Round "5.7"]
[White "Cornette, Matthieu"]
[Black "Ayats Llobera, Gerard"]
[Result "1-0"]
[WhiteElo "2558"]
[BlackElo "2400"]
[Annotator "TA"]
[PlyCount "81"]
[EventDate "2020.12.13"]
[EventType "swiss"]
[EventCountry "ESP"]
[SourceTitle "playchess.com"]
[Source "ChessBase"]
[SourceQuality "1"]

{[%evp 15,81,20,50,54,56,50,66,63,73,65,87,91,94,43,52,46,62,59,52,56,49,75,93,90,87,90,86,90,93,75,139,142,138,142,138,138,138,138,173,173,185,153,189,138,138,138,138,138,215,211,210,202,195,192,234,219,222,202,267,255,344,317,406,411,403,388,357,218]} 1. e4 c5 2. Nf3 d6 3. Bb5+ Nc6 4. O-O Bd7 5. Re1 a6 6. Bxc6 Bxc6 7. d4 cxd4 8. Nxd4 Nf6 9. Nxc6 {B51: Sicilian: Moscow Variation (3 Bb5+) without 3...Bd7.} bxc6 10. Qf3 e5 11. Bg5 {White is slightly better.} Be7 12. Nd2 Qd7 {[#]} 13. Nc4 $146 ({Predecessor:} 13. Rad1 Qe6 14. b3 O-O 15. Nc4 Rfd8 16. Ne3 g6 17. Bxf6 Bxf6 18. Rd3 Bg5 19. Nc4 {0-1 (42) Thomas,M (2074)-Chambers,C (1909) Chessfriend.com 2005}) 13... Qe6 14. Bxf6 ({White should try} 14. b3 $16) 14... Bxf6 $14 15. Qc3 d5 16. exd5 cxd5 17. Nxe5 {Threatens to win with Qg3.} O-O $1 18. Qg3 $36 {[%mdl 2048] And now Ng6 would win. White is really pushing.} Rfe8 {[%cal Rf6e5]} 19. Nd3 Qc6 20. Rxe8+ Rxe8 {[#]} 21. Re1 $1 Rxe1+ 22. Nxe1 {Intending Qb8+ and mate.} Qb5 (22... Qe8 $142 23. Nd3 g6) 23. b3 $16 g6 24. Qe3 Qb4 25. a4 a5 26. g3 h5 27. h4 Qg4 28. Nf3 Kg7 29. Kg2 (29. Qd3 $18) 29... Qc8 30. Qd2 Qc5 31. Ng1 d4 (31... Bc3 $16 {keeps fighting.} 32. Qd3 Bd4) 32. Nf3 $18 Qb6 33. Qd3 Qc6 34. Kg1 Kh7 35. Nd2 Kg7 36. Qe4 Qc3 37. Nc4 Qb4 38. Qd5 Qc3 39. Nd6 {White is winning.} Qe1+ 40. Kg2 Qe7 41. Ne4 {Weighted Error Value: White=0.05/Black=0.18} 1-0